000 00274nam a22001211a 4500
999 _c167744
_d167744
082 _aH2
_bRAK /A
100 _aMohan Rakesh
245 _aAshadh ka ek din/
_cby Mohan Rakesh.
260 _aDelhi:
_bAnitha,
_c2002.
300 _a111p.
650 _aDrama Hindi
942 _cBK